000
00217nam a2200097Ia 4500
008
240331s9999 xx 000 0 und d
082
_b
ARU
100
_a
Arunachalam, K
245
0
_a
Malayaka Thamil ilakkiyam
942
_c
L
999
_c
3861
_d
3861